| 000 | 00562 a2200205 4500 | ||
|---|---|---|---|
| 005 | 20260108125336.0 | ||
| 008 | 260106b |||||||| |||| 00| 0 eng d | ||
| 020 |
_a9788119051212 _cRs. 1295.00 |
||
| 040 | _aMAIN | ||
| 082 |
_a294.564 _bV837S:V |
||
| 100 | _aSondhi, M N | ||
| 245 | _aVivekananda's spiritual quest: Exploring his religious beliefs and practices | ||
| 260 |
_aNew Delhi _bThe Readers Paradise _c2023 |
||
| 300 | _a268 | ||
| 650 | _aReligion | ||
| 650 | _aMeditation | ||
| 700 | _aManoj Singh | ||
| 700 | _aBehl, Prashant | ||
| 942 | _cBK | ||
| 999 |
_c394182 _d394182 |
||